000 00660nam a2200289Ia 4500
005 20260324130042.0
008 008 260324s9999 xx 000 0 eng d
020 _a9781315835709
037 _aEBOOK
040 _aCRL
040 _beng
040 _cCRL
041 _2eng
041 _aeng
084 _qCRL
100 _aPadraig Lenihan
_91180334
245 0 _aConsolidating Conquest
245 0 _bIreland 1603-1727
260 _bTaylor and Francis
260 _c2008
365 _a
365 _b230
856 _uhttp://www.taylorfrancis.com/books/9781315835709
942 _cEBOOK
999 _c1776135
_d1776135